Tecidos vegetais - Statistics

Estatísticas Gerais
  • Esse quiz foi jogado 123 vezes
  • A pontuação média é 5 de 10
Estatísticas das Respostas
Questão Resposta % Correto
Quais são as três estruturas da célula vegetal típica que não são compartilhadas com as células animais? Parede celular, vacúolo central e cloropastos
100%
Associe a seguinte função a um dos tecidos vegetais: Condução de seiva ELABORADA Floema
63%
Assinale a alternativa incorreta em relação a localização dos tecidos vegetais Meristema: Por todo o corpo do vegetal
63%
Qual das seguintes opções apresenta, respectivamente, um tecido vegetal que tem como função a condução de seiva e outro com função de troca de gases? Xilema e epiderme
63%
Identifique entre as opções abaixo o único tecido que não apresenta células mortas em sua decomposição. Meristema
50%
Localizado abaixo da epiderme de órgãos jovens, esse tecido apresenta células vivas, parede intensamente reforçada de celulose. Tem como função reforço e sustentação. Esse tecido é o: Colênquima
38%
Apenas 1 dos tecidos vegetais é dotado de células indiferenciadas. Esse tecido é chamado de: Meristema
38%
Quais características melhor definem as células encontradas na epiderme? vivas, achatadas, aclorofiladas
38%
Existem quantos tecidos vegetais? 8
25%
Marque a única alternativa verdadeira O parênquima é responsável pelo preenchimento, fotossíntese e armazenamento de água, amido e ar
13%
Nenhum quiz correspondente encontrado
Distribuição das Pontuações
Porcentagem de Pessoas com Cada Pontuação
Percentil de Números Respondidos
Sua Pontuação Histórica
Você não jogou esse quiz